| 000 | 00542cam a22001457a 4500 | ||
|---|---|---|---|
| 008 | 180718b1978 xxu||||| |||| 00| 0 eng d | ||
| 082 | _aZ2x5444 R137 | ||
| 100 | _aRajapurohit, A.R. | ||
| 245 |
_aEconomic analysis of procurement and public distribution of foodgrains in Karnataka _cby A.R. Rajapurohit |
||
| 260 |
_aBangalore _bInstitute for Social and Economic Change _c1978 |
||
| 300 | _a135p. | ||
| 650 | _aGrain - India - Karnataka | ||
| 650 | _aFood supply - India - Karnataka | ||
| 650 | _aPublic distribution system - India - Karnataka | ||
| 999 |
_c492612 _d492612 |
||